000 00779nam a2200229Ii 4500
003 JO-AjNU
008 230605s9999||||xx |||||||||||||| ||und||
017 _a2021/8/4336
020 _a978-9923-26-129-3
040 _aJO-AjNU
_bara
_erda
_cJO-AjNU
041 _aara
050 1 4 _aLB2806 2022
100 3 _aالحوراني، هيثم احمد ,
_eauthor
_962877
245 0 0 _aالهدف السلوكي في العملية التربوية
250 _aط1
264 3 1 _aعمان: دار المبادرة للنشر والتوزيع، 2022
300 _a144ص
336 _atext
_btxt
_2rdacontent
337 _aunmediated
_bn
_2rdamedia
338 _avolume
_bnc
_2rdacarrier
650 4 _aالعملية التربية-السلوك-الادارة التربية
_962878
999 _aA28493
_c32061
_d32061